00326 a2200145 450000100060000002000180000604000370002410000170006124000190007824500140009730000070011136200090011844000220012765000310014972895 a9788510047906 cAnchieta - Colégio São Paulo aRamos, Pilar10aO convitelpor10aO convite a320 a2010 1aEditora do Brasil 4aLiteratura infanto-juvenil